书目信息 |
| 题名: |
糖尿病高血压疾病防治全书
|
|
| 作者: | 许聪 编著 | |
| 分册: | ||
| 出版信息: | 北京 中国致公出版社 2007 |
|
| 页数: | 410页 | |
| 开本: | 24cm | |
| 丛书名: | 生活书系 | |
| 单 册: | ||
| 中图分类: | R587.1 , R544.1 , R5 | |
| 科图分类: | ||
| 主题词: | 高血压--防治 , 糖尿病--防治 , 高血压 , 糖尿病 , 内科学 | |
| 电子资源: | ||
| ISBN: | 7-80096-651-8 | |
| 000 | 01084oam2 2200313 450 | |
| 001 | 1538539713 | |
| 005 | 20150131104243.85 | |
| 010 | @a7-80096-651-8@dCNY39.80 | |
| 100 | @a20080115d2007 em y0chiy0110 ea | |
| 101 | 0 | @achi |
| 102 | @aCN@b110000 | |
| 105 | @ay z 000yy | |
| 200 | 1 | @a糖尿病高血压疾病防治全书@9Tang Niao Bing Gao Xue Ya Ji Bing Fang Zhi Quan Shu@f许聪编著@FXu Cong Bian Zhu |
| 210 | @a北京@c中国致公出版社@d2007 | |
| 215 | @a410页@d24cm | |
| 225 | 2 | @a生活书系 |
| 330 | @a本书以普及“糖尿病、高血压”养生保健知识为目的,采用通俗易懂的语言,分别介绍了“糖尿病、高血压”基础知识、饮食宜忌、生活宜忌以及健康食谱等方面的知识。科学、详细、系统地阐述了“糖尿病、高血压”人群在日常生活中怎样控制病情、减缓症状,达到时养生保健、延年益寿的目的。 | |
| 461 | 0 | @12001 @a生活书系 |
| 606 | 0 | @a高血压@x防治 |
| 606 | 0 | @a糖尿病@x防治 |
| 606 | 0 | @a高血压 |
| 606 | 0 | @a糖尿病 |
| 606 | 0 | @a内科学 |
| 690 | @aR587.1@v5 | |
| 690 | @aR544.1@v5 | |
| 690 | @aR5@v4 | |
| 701 | 0 | @a许聪@9Xu Cong@4编著 |
| 801 | 0 | @aCN@bTSSF@c20150131 |
| 905 | @aZUCC@dR5@eJY305 | |
| 糖尿病高血压疾病防治全书/许聪编著.-北京:中国致公出版社,2007 |
| 410页;24cm.-(生活书系) |
| ISBN 7-80096-651-8:CNY39.80 |
| 本书以普及“糖尿病、高血压”养生保健知识为目的,采用通俗易懂的语言,分别介绍了“糖尿病、高血压”基础知识、饮食宜忌、生活宜忌以及健康食谱等方面的知识。科学、详细、系统地阐述了“糖尿病、高血压”人群在日常生活中怎样控制病情、减缓症状,达到时养生保健、延年益寿的目的。 |
| ● |
| 相关链接 |
|
|
|
|
正题名:糖尿病高血压疾病防治全书
索取号:R5/JY305
 
预约/预借
| 序号 | 登录号 | 条形码 | 馆藏地/架位号 | 状态 | 备注 |
| 1 | 7862108 | 278621083 | 学院路分馆/ [索取号:R5/JY305] | 在馆 | |
| 2 | 7862109 | 278621092 | 学院路分馆/ [索取号:R5/JY305] | 在馆 |